| 000 | 00438nam a22001577a 4500 | ||
|---|---|---|---|
| 020 | _a9780470501962 | ||
| 040 | _cNUST | ||
| 082 | _a621.4022 INE | ||
| 100 |
_aIncropera, Frank P. _987280 |
||
| 110 |
_aBergman, T L Lavine, Adrienne DeWitt, David P _987266 |
||
| 245 | _aIntroduction to Heat Transfer | ||
| 250 | _a6th ed | ||
| 260 |
_aUSA: _bJOHN WILEY & SONS, _c2011. |
||
| 650 |
_aHeat -Transmission _987281 |
||
| 942 |
_2ddc _cBK |
||
| 999 |
_c587493 _d587493 |
||